00584nam a2200157 a 450000500170000000800410001702000180005805000270007610000250010324500510012826000360017930000080021550000400022365000830026365000800034620140412111419.0070906s19uu xx 00 eng d a0-07-146316-x aTR(GS 808.04bM97 2006 aMuschla, Cary Robert aTeach terrific writing /cCary Robert Muschla. aNew York :bMcGraw-Hill,c2006. a237 aPerfect for teachers for grades 4-5 aEnglish language--composition and exercisesxStudy and teachingxMiddle School aReport Writing Study and teachingxMiddle schoolxTeaching aids and devices